000 00653nam a2200133Ia 4500
008 171212s9999 xx 000 0 und d
020 _a9781925021004
100 _aHazlehurst, Cameron.
245 _cHazlehurst, Cameron.
_aTen Journeys to Cameron’s Farm
_bAn Australian Tragedy
260 _bANU E Press
_c2013
650 _aHistory
650 _aMenzies, Robert, Sir, 1894-1978; Aircraft accidents -- Australian Capital Territory -- Canberra; World War, 1939-1945 -- Australia -- History; Australia -- Politics and government -- 1901-1945; Australia -- Biography; Australia -- History -- 1901-1945
856 _uhttp://www.jstor.org/stable/j.ctt5hgz4m
999 _c351337
_d351337